[Event "CAN-op"]
[Site "Quebec CAN"]
[Date "2018.07.13"]
[Round "8.12"]
[White "James, Rowan"]
[Black "Saha, Ananda"]
[Result "0-1"]
[WhiteElo "1823"]
[BlackElo "1950"]
[PlyCount "96"]
[EventDate "2018.07.07"]
[EventType "swiss"]
[EventRounds "9"]
[EventCountry "CAN"]

1. e4 c5 2. Nf3 e6 3. d3 d6 4. g3 Nf6 5. Bg2 Be7 6. O-O O-O 7. Nc3 Nc6 8. d4
cxd4 9. Nxd4 a6 10. Re1 Qc7 11. Be3 Ne5 12. a4 Bd7 13. h3 Rab8 14. f4 Nc4 15.
b3 Nxe3 16. Rxe3 e5 17. Nde2 d5 18. fxe5 Qxe5 19. Qd4 Qxd4 20. Nxd4 Bc5 21. Rd1
dxe4 22. Nxe4 Nxe4 23. Rxe4 Bf5 24. Re2 Rfd8 25. c3 Be6 26. b4 Bb3 27. Ra1
Bxd4+ 28. cxd4 Rxd4 29. Bxb7 Rxb4 30. Bxa6 Bxa4 31. Rae1 Bd7 32. Kg2 g6 33. Bd3
Be6 34. Kh2 Rb3 35. Be4 Rc3 36. Re3 Rb2+ 37. Kg1 Rxe3 38. Rxe3 Bxh3 39. Bd5 Rd2
40. Bc4 Kg7 41. Be2 Be6 42. Kf1 h5 43. Rd3 Rxe2 44. Kxe2 Bc4 45. Kd2 Bxd3 46.
Kxd3 Kf6 47. Ke4 Kg5 48. Kf3 f5 0-1

[Event "CAN-op"]
[Site "Quebec CAN"]
[Date "2018.07.13"]
[Round "8.13"]
[White "Saine, Zachary"]
[Black "Cui, Cynthia"]
[Result "0-1"]
[WhiteElo "1899"]
[BlackElo "1692"]
[PlyCount "54"]
[EventDate "2018.07.07"]
[EventType "swiss"]
[EventRounds "9"]
[EventCountry "CAN"]

1. e4 e6 2. d4 d5 3. e5 c5 4. c3 Nc6 5. a3 Qb6 6. Nf3 c4 7. Nbd2 Na5 8. Be2 Bd7
9. h4 Ne7 10. h5 h6 11. Kf1 Qc7 12. Rb1 Nc8 13. g4 Nb6 14. Qe1 Ba4 15. Bd1 Qd7
16. Nh2 O-O-O 17. f4 Be7 18. Ndf3 Rdf8 19. Ke2 Kb8 20. Bxa4 Nxa4 21. Be3 Rc8
22. Qd2 Rc6 23. Qc2 Rb6 24. Kd2 Qb5 25. Kc1 Nxb2 26. a4 Nb3+ 27. Kxb2 Qxa4 0-1

[Event "CAN-op"]
[Site "Quebec CAN"]
[Date "2018.07.13"]
[Round "8.14"]
[White "Tanaka, Tyler"]
[Black "Lehingrat, Callum"]
[Result "1-0"]
[WhiteElo "2054"]
[BlackElo "1853"]
[PlyCount "69"]
[EventDate "2018.07.07"]
[EventType "swiss"]
[EventRounds "9"]
[EventCountry "CAN"]

1. e4 c5 2. Nf3 d6 3. d4 cxd4 4. Nxd4 Nf6 5. Nc3 a6 6. h3 e6 7. g4 d5 8. exd5
Nxd5 9. Nde2 Bb4 10. Bg2 O-O 11. O-O Nxc3 12. Nxc3 Qc7 13. Qd4 Bc5 14. Bf4 Rd8
15. Qxg7+ Kxg7 16. Bxc7 Rd7 17. Be5+ Kg8 18. Ne4 Be7 19. Nf6+ Bxf6 20. Bxf6 Nc6
21. Rad1 Nb4 22. a3 Nd5 23. Be5 b5 24. b3 Bb7 25. c4 bxc4 26. bxc4 Nb6 27. Bxb7
Rxb7 28. Rb1 Nxc4 29. Rxb7 Nxe5 30. Rfb1 Nc4 31. Rb8+ Rxb8 32. Rxb8+ Kg7 33. a4
Kg6 34. Rb4 Na3 35. a5 1-0

[Event "CAN-op"]
[Site "Quebec CAN"]
[Date "2018.07.13"]
[Round "8.16"]
[White "Zhu, Brandon"]
[Black "Acosta, Mariano"]
[Result "0-1"]
[WhiteElo "1959"]
[BlackElo "1802"]
[PlyCount "180"]
[EventDate "2018.07.07"]
[EventType "swiss"]
[EventRounds "9"]
[EventCountry "CAN"]

1. d4 d6 2. Nf3 Nf6 3. e3 g6 4. b3 Bg7 5. Bb2 O-O 6. Be2 c5 7. O-O cxd4 8. Nxd4
Nc6 9. Bf3 Bd7 10. c4 Re8 11. Nc2 Qc8 12. Nc3 Ne5 13. Be2 h5 14. Rc1 b6 15. Nd4
Bg4 16. Bxg4 hxg4 17. Nd5 Qd7 18. Qe2 Rac8 19. Nb5 Ne4 20. f3 gxf3 21. gxf3 Nc5
22. Rcd1 f5 23. Kh1 Kf7 24. Nxe7 Qxe7 25. Nxd6+ Kg8 26. Nxc8 Rxc8 27. Rd5 Kf7
28. Rfd1 a5 29. a3 Rc7 30. e4 f4 31. Qg2 Ncd7 32. Qh3 Nf8 33. Bd4 Ned7 34. Bxg7
Kxg7 35. Rd6 a4 36. b4 Ne5 37. Rxb6 Nxc4 38. Ra6 Nxa3 39. Rxa4 Nc4 40. Rb1 Ne3
41. Ra8 Qxb4 42. Rg1 Qe7 43. Qh5 Qf6 44. Qa5 Rc2 45. Qa1 Qxa1 46. Rgxa1 Ne6 47.
R8a2 Rxa2 48. Rxa2 Nd4 49. Rf2 Kh6 50. h3 Kg5 51. Kh2 Kh4 52. e5 Kg5 53. Kh1
Kf5 54. h4 Ne6 55. Rh2 Ng7 56. Ra2 Kxe5 57. Ra5+ Kf6 58. Kg1 Nef5 59. Kf2 Nxh4
60. Ke2 Ne6 61. Rd5 g5 62. Kf2 Nf5 63. Ra5 Kg6 64. Ra6 Nfd4 65. Rd6 Kf6 66. Rd5
Nc6 67. Rc5 Ne5 68. Rd5 Kf5 69. Ke2 Nf8 70. Rd8 Nfg6 71. Rg8 Nh4 72. Rf8+ Ke6
73. Re8+ Kf6 74. Rf8+ Ke7 75. Ra8 Nhxf3 76. Ra6 Nd4+ 77. Kf2 Ne6 78. Kg2 Kf6
79. Kh3 Kf5 80. Ra5 g4+ 81. Kg2 Ng5 82. Kf2 Ne4+ 83. Kg2 f3+ 84. Kh2 Kf4 85.
Ra8 g3+ 86. Kg1 Ng5 87. Ra2 Ke3 88. Kf1 Nd3 89. Rh2 Ne4 90. Rh3 Nd2+ 0-1

[Event "CAN-op"]
[Site "Quebec CAN"]
[Date "2018.07.13"]
[Round "8.17"]
[White "Bernatchez, Dan"]
[Black "Forget, Luc"]
[Result "1/2-1/2"]
[WhiteElo "1793"]
[BlackElo "1889"]
[PlyCount "60"]
[EventDate "2018.07.07"]
[EventType "swiss"]
[EventRounds "9"]
[EventCountry "CAN"]

1. d4 Nf6 2. g3 d5 3. Bg2 e6 4. Nf3 Be7 5. O-O O-O 6. c4 dxc4 7. Qc2 a6 8. Qxc4
b5 9. Qc2 Bb7 10. Bf4 Nc6 11. Rd1 Nd5 12. Ne5 Ncb4 13. Qd2 Ra7 14. a3 Nxf4 15.
Bxb7 Rxb7 16. axb4 Nd5 17. Nc6 Qd6 18. Rxa6 Nxb4 19. Nxb4 Qxb4 20. Qxb4 Bxb4
21. Rc6 Rd8 22. Nc3 Rd6 23. Rxd6 cxd6 24. e4 Kf8 25. Kf1 Ke7 26. Ke2 Bxc3 27.
bxc3 d5 28. exd5 exd5 29. Ra1 h5 30. Kd3 g6 1/2-1/2

[Event "CAN-op"]
[Site "Quebec CAN"]
[Date "2018.07.13"]
[Round "8.18"]
[White "Li, Eric M"]
[Black "Drolet, Stephane"]
[Result "0-1"]
[WhiteElo "1880"]
[BlackElo "2052"]
[PlyCount "106"]
[EventDate "2018.07.07"]
[EventType "swiss"]
[EventRounds "9"]
[EventCountry "CAN"]

1. d4 d5 2. Bf4 c5 3. e3 Nc6 4. c3 Bf5 5. Bd3 Bxd3 6. Qxd3 Nf6 7. Nf3 Qb6 8.
Qe2 e6 9. h3 Be7 10. O-O O-O 11. a3 c4 12. Qc2 Ne4 13. Nbd2 f5 14. Rae1 Bf6 15.
Re2 Rae8 16. Rd1 Qd8 17. b3 cxb3 18. Qxb3 Na5 19. Qb2 Qd7 20. Nxe4 fxe4 21. Nd2
Rc8 22. Rc1 Be7 23. f3 exf3 24. gxf3 Nc4 25. Nxc4 Rxc4 26. Rg2 Bf6 27. Qc2 Rfc8
28. Qd3 Qc6 29. Rgc2 Be7 30. Be5 g6 31. h4 Bxh4 32. Rg2 Qe8 33. e4 Qf7 34. Rg4
Be7 35. exd5 exd5 36. f4 Rf8 37. Qf3 Qe6 38. Rf1 Rf5 39. Re1 Qc6 40. Re3 Bxa3
41. Rg3 Qd7 42. Qg2 Qf7 43. Re1 Be7 44. Qa2 Bh4 45. Ree3 Bxg3 46. Rxg3 b6 47.
Qg2 a5 48. Qb2 Qb7 49. Re3 Qc6 50. Bb8 Rf8 51. Ba7 Ra8 52. Qxb6 Qxb6 53. Bxb6
a4 0-1

[Event "CAN-op"]
[Site "Quebec CAN"]
[Date "2018.07.13"]
[Round "8.19"]
[White "Manley, Jason"]
[Black "Richardson, Kai"]
[Result "1-0"]
[WhiteElo "2051"]
[BlackElo "1973"]
[PlyCount "73"]
[EventDate "2018.07.07"]
[EventType "swiss"]
[EventRounds "9"]
[EventCountry "CAN"]

1. Nf3 Nf6 2. g3 e6 3. Bg2 d5 4. O-O Be7 5. d3 b6 6. Nbd2 Bb7 7. Re1 c5 8. c3
O-O 9. Qc2 Nc6 10. e4 Rc8 11. Nf1 b5 12. e5 Nd7 13. h4 b4 14. Bf4 bxc3 15. bxc3
a5 16. N1d2 Ba6 17. Bf1 Re8 18. Bh3 Nf8 19. Rab1 d4 20. c4 Nb4 21. Qb3 Qd7 22.
Ne4 Rb8 23. a3 Nd5 24. Qxb8 Rxb8 25. Rxb8 Nxf4 26. gxf4 Bb7 27. Rb1 Bxe4 28.
dxe4 Qc6 29. Nd2 Bxh4 30. R1b5 g6 31. Rxa5 Kg7 32. Ra7 d3 33. Bf1 g5 34. Bxd3
Ng6 35. Bc2 Nxf4 36. Ba4 Bxf2+ 37. Kxf2 1-0

[Event "CAN-op"]
[Site "Quebec CAN"]
[Date "2018.07.13"]
[Round "8.20"]
[White "Zhang, Henry"]
[Black "Boshoff, Thomas"]
[Result "1/2-1/2"]
[WhiteElo "1979"]
[BlackElo "1939"]
[PlyCount "86"]
[EventDate "2018.07.07"]
[EventType "swiss"]
[EventRounds "9"]
[EventCountry "CAN"]

1. e4 c5 2. Nf3 d6 3. d4 cxd4 4. Nxd4 Nf6 5. Nc3 a6 6. h3 e5 7. Nde2 Be6 8. g4
Nc6 9. Bg2 Rc8 10. Ng3 Be7 11. O-O O-O 12. Nd5 Qa5 13. Bd2 Qb5 14. a4 Qc4 15.
Nb6 Qd4 16. Nxc8 Rxc8 17. Bc3 Qc5 18. Re1 Nd7 19. Qd2 Bh4 20. Kh2 Nb6 21. b4
Qc4 22. Bf1 Nd4 23. Bxd4 Qxd4 24. Qxd4 exd4 25. Bd3 Bg5 26. Re2 Nc4 27. b5 a5
28. Nf5 Bf4+ 29. Kg2 Kf8 30. Nxd4 Ne5 31. Nxe6+ fxe6 32. Ra3 Ke7 33. Rb3 b6 34.
Re1 g5 35. Rd1 h6 36. Ra3 Ng6 37. Ra2 Rc3 38. Kf1 Ne5 39. Kg2 Ng6 40. Rb1 Nh4+
41. Kf1 Nf3 42. Rd1 Kf6 43. Kg2 Nh4+ 1/2-1/2

[Event "CAN-op"]
[Site "Quebec CAN"]
[Date "2018.07.13"]
[Round "8.21"]
[White "Chang, Alexander RZ"]
[Black "Drkulec, Vladimir"]
[Result "0-1"]
[WhiteElo "1597"]
[BlackElo "1794"]
[PlyCount "160"]
[EventDate "2018.07.07"]
[EventType "swiss"]
[EventRounds "9"]
[EventCountry "CAN"]

1. e4 c5 2. Nf3 a6 3. d4 cxd4 4. Nxd4 d6 5. c4 Nf6 6. Nc3 g6 7. Be2 Bg7 8. Be3
O-O 9. O-O Nc6 10. f3 e6 11. Qd2 Qc7 12. Rfd1 Rd8 13. Rac1 Qa5 14. Nb3 Qc7 15.
Bf1 Rb8 16. Qf2 Qe7 17. Bb6 Rd7 18. g3 Qf8 19. Bh3 Ne5 20. Qe2 h5 21. c5 Ra8
22. cxd6 Rxd6 23. Bc5 Rxd1+ 24. Rxd1 Qe8 25. Bg2 Nc6 26. Nd4 Nd7 27. Nxc6 bxc6
28. Be3 e5 29. Bh3 Nf6 30. Bxc8 Qxc8 31. Qc4 Nh7 32. Rd6 c5 33. Na4 Bf8 34. Rd5
Qc7 35. Nxc5 Bxc5 36. Bxc5 Rc8 37. b4 a5 38. a3 axb4 39. axb4 Ra8 40. Qc3 Ra2
41. Qxe5 Qc8 42. Qc3 Qa8 43. Rd3 Ra1+ 44. Kg2 Qa2+ 45. Qd2 Qb1 46. Qe2 Qh1+ 47.
Kh3 Re1 48. Qf2 Rf1 49. Qe2 Rxf3 50. Rxf3 Ng5+ 51. Kh4 Nxf3+ 52. Kh3 Ng5+ 53.
Kh4 Nxe4 54. Be3 Nd6 55. Bc5 Nf5+ 56. Kh3 Ng7 57. Qg2 Qd1 58. Qf2 Qd5 59. Qd4
Qf3 60. Qf2 Qg4+ 61. Kg2 Nf5 62. h3 Qe4+ 63. Kh2 Qd5 64. Qe2 Ng7 65. Qe3 Ne6
66. Qf2 Ng5 67. h4 Nf3+ 68. Kh3 Ne5 69. Qg2 Nf3 70. Qf2 Qe4 71. Qe3 Qg4+ 72.
Kg2 Nxh4+ 73. Kh2 Nf3+ 74. Kg2 Ng5 75. b5 h4 76. Bd4 h3+ 77. Kh1 Qd1+ 78. Qg1
Qf3+ 79. Kh2 Qe2+ 80. Qf2 Qxb5 0-1

[Event "CAN-op"]
[Site "Quebec CAN"]
[Date "2018.07.13"]
[Round "8.22"]
[White "Bouton, Christophe"]
[Black "Hay, Jonathan"]
[Result "0-1"]
[WhiteElo "2016"]
[BlackElo "1772"]
[PlyCount "78"]
[EventDate "2018.07.07"]
[EventType "swiss"]
[EventRounds "9"]
[EventCountry "CAN"]

1. Nf3 d5 2. d4 Nf6 3. c4 c6 4. e3 Bf5 5. Nc3 e6 6. Nh4 Bg4 7. Qb3 Qb6 8. h3
Bh5 9. g4 Bg6 10. Nxg6 hxg6 11. Bg2 Nbd7 12. Bd2 Be7 13. O-O-O Qc7 14. Kb1 Nb6
15. cxd5 exd5 16. e4 O-O-O 17. e5 Nfd7 18. Bxd5 cxd5 19. Nb5 Qb8 20. Rc1+ Nc4
21. Rxc4+ dxc4 22. Qxc4+ Nc5 23. Bf4 Rd7 24. Nd6+ Bxd6 25. exd6 b5 26. Qc1 Qb7
27. dxc5 Qc6 28. Bg3 Kb7 29. h4 Re8 30. Rd1 Re4 31. Re1 Rc4 32. Qe3 Qxc5 33. b3
Qxe3 34. Rxe3 Rxg4 35. Re8 f5 36. Be5 Rxh4 37. f4 g5 38. fxg5 Re4 39. g6 f4 0-1

[Event "CAN-op"]
[Site "Quebec CAN"]
[Date "2018.07.13"]
[Round "8.23"]
[White "Mercure, Gilbert"]
[Black "Pare, Marc"]
[Result "0-1"]
[WhiteElo "1760"]
[BlackElo "1984"]
[PlyCount "70"]
[EventDate "2018.07.07"]
[EventType "swiss"]
[EventRounds "9"]
[EventCountry "CAN"]

1. e4 d5 2. exd5 Nf6 3. d4 Nxd5 4. Bc4 e6 5. Qf3 Nb4 6. Bb3 Qxd4 7. Ne2 Qd8 8.
Bd2 Bd6 9. Qg4 N4c6 10. Qxg7 Be5 11. Qh6 Bxb2 12. Bc3 Bxa1 13. Bxa1 Rg8 14. Bf6
Qd6 15. O-O Nd7 16. Bg7 Nf8 17. Nbc3 e5 18. Bxf8 Qxf8 19. Qxh7 Qg7 20. Qxg7
Rxg7 21. Nb5 f5 22. Ng3 a6 23. Nh5 Re7 24. Nf6+ Kf8 25. Nc3 Be6 26. Bxe6 Rxe6
27. Nh7+ Kg7 28. Ng5 Rd6 29. g4 Kg6 30. h4 fxg4 31. Nce4 Rd4 32. Kg2 Ne7 33.
Kg3 Rh8 34. Kxg4 Nd5 35. f3 Ne3+ 0-1

[Event "CAN-op"]
[Site "Quebec CAN"]
[Date "2018.07.13"]
[Round "8.25"]
[White "Chevalier, Francois"]
[Black "Dube, Daniel"]
[Result "1/2-1/2"]
[WhiteElo "1720"]
[BlackElo "1664"]
[PlyCount "66"]
[EventDate "2018.07.07"]
[EventType "swiss"]
[EventRounds "9"]
[EventCountry "CAN"]

1. d4 Nf6 2. Nf3 g6 3. Bg5 Bg7 4. Nbd2 O-O 5. c3 d5 6. e3 Nbd7 7. Be2 Re8 8.
O-O e5 9. dxe5 Nxe5 10. Nxe5 Rxe5 11. Nf3 Re8 12. h3 h6 13. Bh4 c6 14. Qc2 Be6
15. Nd4 Qb6 16. Bxf6 Bxf6 17. Nxe6 Rxe6 18. Rad1 Rae8 19. Bf3 Rd8 20. Rd2 Rde8
21. Rdd1 Be5 22. Qd2 Kg7 23. Rfe1 f5 24. Kf1 Qa6+ 25. Be2 Qb6 26. Bf3 Qc7 27.
Qc2 Rf8 28. c4 dxc4 29. Qxc4 Ref6 30. b3 g5 31. Rd2 Qf7 32. Qxf7+ R8xf7 33.
Red1 Re6 1/2-1/2

[Event "CAN-op"]
[Site "Quebec CAN"]
[Date "2018.07.13"]
[Round "8.26"]
[White "Tinica, Gabriel"]
[Black "Auger, Bertrand"]
[Result "1/2-1/2"]
[WhiteElo "1658"]
[BlackElo "1935"]
[PlyCount "41"]
[EventDate "2018.07.07"]
[EventType "swiss"]
[EventRounds "9"]
[EventCountry "CAN"]

1. d4 Nf6 2. c4 e6 3. Nc3 Bb4 4. f3 c5 5. d5 O-O 6. e4 exd5 7. cxd5 Bxc3+ 8.
bxc3 d6 9. Bd3 a6 10. Ne2 b5 11. O-O Nbd7 12. Be3 Re8 13. Bf2 Ne5 14. Ng3 Nxd3
15. Qxd3 a5 16. Rfe1 Ba6 17. Rad1 b4 18. Qd2 Nd7 19. Nf5 Ne5 20. Bh4 f6 21. Qf2
1/2-1/2

[Event "CAN-op"]
[Site "Quebec CAN"]
[Date "2018.07.14"]
[Round "9.4"]
[White "Mulyar, Michael"]
[Black "Fedorowicz, John"]
[Result "1/2-1/2"]
[WhiteElo "2385"]
[BlackElo "2425"]
[PlyCount "24"]
[EventDate "2018.07.07"]
[EventType "swiss"]
[EventRounds "9"]
[EventCountry "CAN"]

1. d4 Nf6 2. Nf3 g6 3. c4 Bg7 4. g3 O-O 5. Bg2 c6 6. O-O d5 7. Ne5 dxc4 8. Nxc4
Be6 9. Ne5 Qc8 10. Nc3 Bh3 11. Qb3 Bxg2 12. Kxg2 Nbd7 1/2-1/2

[Event "CAN-op"]
[Site "Quebec CAN"]
[Date "2018.07.14"]
[Round "9.5"]
[White "Itkin, David"]
[Black "Dukic, Zachary"]
[Result "1/2-1/2"]
[WhiteElo "2239"]
[BlackElo "2118"]
[PlyCount "96"]
[EventDate "2018.07.07"]
[EventType "swiss"]
[EventRounds "9"]
[EventCountry "CAN"]

1. e4 e5 2. Nc3 Nc6 3. g3 Bc5 4. Bg2 a6 5. d3 Nge7 6. Nf3 d6 7. h3 h6 8. O-O
Be6 9. Be3 Qd7 10. Kh2 Bxe3 11. fxe3 O-O 12. Nh4 d5 13. exd5 Nxd5 14. Nxd5 Bxd5
15. Nf5 Be6 16. e4 Nd4 17. Ne3 Rad8 18. Qh5 f6 19. Rf2 Qf7 20. Qh4 c6 21. Raf1
Rd7 22. Bf3 Nxf3+ 23. Rxf3 b5 24. g4 c5 25. b3 Rd4 26. Nf5 Bxf5 27. gxf5 c4 28.
Rg1 Kh7 29. Qe1 Qd7 30. Rgg3 Rc8 31. Qe2 cxd3 32. Rxd3 Qc6 33. Qg2 Rc7 34. Rg4
Rxd3 35. cxd3 Qc1 36. h4 Kh8 37. Qg1 Qd2+ 38. Rg2 Qf4+ 39. Kh3 Rc1 40. Qh2 Qf1
41. Qg3 Qh1+ 42. Rh2 Qd1 43. Rg2 Rc7 44. Kh2 Rd7 45. Qg6 Re7 46. Qg3 a5 47. Qe3
Rd7 48. Qc5 Qxd3 1/2-1/2

[Event "CAN-op"]
[Site "Quebec CAN"]
[Date "2018.07.14"]
[Round "9.7"]
[White "Cherniaev, Alexander"]
[Black "Cui, Cynthia"]
[Result "1-0"]
[WhiteElo "2421"]
[BlackElo "1692"]
[PlyCount "91"]
[EventDate "2018.07.07"]
[EventType "swiss"]
[EventRounds "9"]
[EventCountry "CAN"]

1. d4 e6 2. c4 Nf6 3. g3 Be7 4. Bg2 d5 5. Nf3 O-O 6. O-O dxc4 7. Qa4 a6 8. Qxc4
b5 9. Qc2 Bb7 10. Bd2 Be4 11. Qc1 Bb7 12. Bf4 Nd5 13. Nc3 Nxf4 14. Qxf4 Nd7 15.
Rfd1 Bd6 16. Ne5 Bxg2 17. Kxg2 Nb6 18. Ne4 Nd5 19. Qc1 Rc8 20. Nc5 Ra8 21. a3
Bxe5 22. dxe5 Qe7 23. Qc2 a5 24. Rac1 Ra7 25. Qd3 c6 26. Qd4 a4 27. e4 Nb6 28.
Nxe6 Qxe6 29. Qxb6 Raa8 30. f4 Rac8 31. Qd4 h5 32. Qd3 Rfe8 33. Qe2 g6 34. Rd6
Qb3 35. Rc3 Qa2 36. Rc2 Qb3 37. Rc5 Kg7 38. Qd2 Rc7 39. Qd4 Kh7 40. Qd2 Rec8
41. f5 Re7 42. e6 fxe6 43. fxg6+ Kxg6 44. Qg5+ Kf7 45. Qxh5+ Kf6 46. Rf5+ 1-0

[Event "CAN-op"]
[Site "Quebec CAN"]
[Date "2018.07.14"]
[Round "9.8"]
[White "Saha, Ananda"]
[Black "Callier, Christophe"]
[Result "1-0"]
[WhiteElo "1950"]
[BlackElo "1970"]
[PlyCount "81"]
[EventDate "2018.07.07"]
[EventType "swiss"]
[EventRounds "9"]
[EventCountry "CAN"]

1. d4 d5 2. c4 Nc6 3. Nf3 Bg4 4. e3 e5 5. Be2 e4 6. Nfd2 Bxe2 7. Qxe2 Nb4 8.
Na3 Nd3+ 9. Kf1 c6 10. Nc2 f5 11. Ne1 Nxe1 12. Kxe1 Nf6 13. a3 a5 14. cxd5 Nxd5
15. g4 Qf6 16. Rg1 g6 17. gxf5 gxf5 18. Qh5+ Qf7 19. Rg5 Qxh5 20. Rxh5 Ne7 21.
Nc4 Kf7 22. Bd2 Kg6 23. Rh3 a4 24. Ke2 Kf6 25. Rg1 Ng6 26. d5 Bg7 27. Bc3+ Kf7
28. Nd6+ Kf8 29. Bxg7+ Kxg7 30. dxc6 bxc6 31. Nxf5+ Kf6 32. Nd6 Rhb8 33. Nxe4+
Ke5 34. Rh5+ Ke6 35. Nc5+ Kd6 36. Rd1+ Ke7 37. Rxh7+ Ke8 38. Rdd7 Rxb2+ 39. Kf1
Rc2 40. Ne6 Rc8 41. Rdg7 1-0

[Event "CAN-op"]
[Site "Quebec CAN"]
[Date "2018.07.14"]
[Round "9.10"]
[White "Acosta, Mariano"]
[Black "Doknjas, Joshua"]
[Result "1/2-1/2"]
[WhiteElo "1802"]
[BlackElo "2216"]
[PlyCount "104"]
[EventDate "2018.07.07"]
[EventType "swiss"]
[EventRounds "9"]
[EventCountry "CAN"]

1. Nf3 c5 2. c4 Nc6 3. b3 e5 4. Bb2 d6 5. g3 g6 6. Bg2 Bg7 7. O-O Nge7 8. Nc3
O-O 9. d3 Rb8 10. Ne1 Be6 11. Nd5 a6 12. Nc2 Nc8 13. e3 b5 14. f4 f5 15. cxb5
axb5 16. b4 Qd7 17. e4 Nb6 18. Nxb6 Rxb6 19. Qe1 Ra6 20. a3 Re8 21. exf5 Bxf5
22. Qd2 exf4 23. Bd5+ Kh8 24. Bxg7+ Qxg7 25. Rae1 Rxe1 26. Rxe1 Ne7 27. bxc5
fxg3 28. hxg3 dxc5 29. Qf4 Rf6 30. Qe5 Bxd3 31. Ne3 Nxd5 32. Qxd5 c4 33. Qxb5
Rf8 34. Qd5 Re8 35. Ng2 Rxe1+ 36. Nxe1 h5 37. Nxd3 cxd3 38. Qd6 Qa1+ 39. Kg2
Qb2+ 40. Kh3 d2 41. Qf8+ Kh7 42. Qf7+ Qg7 43. Qd5 Qh6 44. Qd7+ Kg8 45. Qd8+ Qf8
46. Qxd2 Qxa3 47. Qd5+ Kh7 48. Qf7+ Kh6 49. Qf4+ Kg7 50. Qe5+ Kf7 51. Qd5+ Kf6
52. Qd4+ Kf7 1/2-1/2

[Event "CAN-op"]
[Site "Quebec CAN"]
[Date "2018.07.14"]
[Round "9.11"]
[White "Doknjas, John"]
[Black "Gaisinsky, Adam"]
[Result "1-0"]
[WhiteElo "2206"]
[BlackElo "1959"]
[PlyCount "115"]
[EventDate "2018.07.07"]
[EventType "swiss"]
[EventRounds "9"]
[EventCountry "CAN"]

1. c4 Nf6 2. Nc3 e6 3. e4 e5 4. f4 d6 5. Nf3 Nc6 6. d4 Bg4 7. d5 Nd4 8. Be2
Bxf3 9. Bxf3 Nd7 10. O-O Nxf3+ 11. Qxf3 Be7 12. Qg4 Bf6 13. f5 h6 14. Be3 Bg5
15. Bf2 h5 16. Qg3 a6 17. b4 O-O 18. c5 Bd2 19. Rad1 Bxc3 20. Qxc3 Nf6 21. Qf3
Ng4 22. Be1 Qg5 23. Rd3 Nf6 24. h3 Rfe8 25. Qe2 Nd7 26. Rg3 Qh6 27. Bd2 Qh7 28.
f6 g6 29. c6 bxc6 30. dxc6 Nb6 31. Rf5 Kh8 32. Rgg5 Re6 33. Rxh5 gxh5 34. Rxh5
Rxf6 35. Rxh7+ Kxh7 36. Qh5+ Kg7 37. Qg5+ Rg6 38. Qe7 Rc8 39. h4 Re6 40. Qg5+
Rg6 41. Qf5 Rf6 42. Qg4+ Rg6 43. Qe2 Rg8 44. g4 Kf8 45. g5 Rh8 46. h5 Re6 47.
Be3 Rg8 48. Kf2 Nc8 49. Qxa6 Ne7 50. Qb7 d5 51. h6 f6 52. h7 Rh8 53. g6 Nxg6
54. Qxc7 Ne7 55. Bh6+ Kf7 56. exd5 Rxh7 57. dxe6+ Kxe6 58. Bf8 1-0

[Event "CAN-op"]
[Site "Quebec CAN"]
[Date "2018.07.14"]
[Round "9.12"]
[White "Zhao, Jim"]
[Black "Zhao, Ian"]
[Result "1-0"]
[WhiteElo "2169"]
[BlackElo "1951"]
[PlyCount "73"]
[EventDate "2018.07.07"]
[EventType "swiss"]
[EventRounds "9"]
[EventCountry "CAN"]

1. d4 Nf6 2. c4 e6 3. g3 d5 4. Nf3 Be7 5. Bg2 O-O 6. O-O c6 7. Qc2 b6 8. Nbd2
Bb7 9. e4 Na6 10. e5 Nd7 11. cxd5 Nb4 12. Qb3 Nxd5 13. Ne4 c5 14. dxc5 Ba6 15.
Re1 bxc5 16. a3 Qc7 17. Bg5 Bxg5 18. Nexg5 h6 19. Qc2 hxg5 20. Nxg5 g6 21. Nxe6
Qc6 22. Nxf8 Rxf8 23. Bxd5 Qxd5 24. Rad1 Qf3 25. Rxd7 Bb7 26. Rxb7 Qxb7 27. e6
Qc6 28. Qe4 Qd6 29. Qe5 Qd2 30. e7 Re8 31. Kg2 Kh7 32. h4 Kg8 33. Re4 Qd3 34.
h5 f6 35. Qe6+ Kg7 36. hxg6 Kxg6 37. Rf4 1-0

[Event "CAN-op"]
[Site "Quebec CAN"]
[Date "2018.07.14"]
[Round "9.13"]
[White "Forget, Luc"]
[Black "Malakhovets, Sergey"]
[Result "1-0"]
[WhiteElo "1889"]
[BlackElo "1923"]
[PlyCount "55"]
[EventDate "2018.07.07"]
[EventType "swiss"]
[EventRounds "9"]
[EventCountry "CAN"]

1. d4 d5 2. c4 c6 3. Nf3 Nf6 4. Nc3 a6 5. e3 Bf5 6. Be2 e6 7. O-O Bd6 8. cxd5
exd5 9. Bd2 Nbd7 10. Rc1 O-O 11. Na4 Ne4 12. b4 Qc7 13. Nc5 Ndf6 14. a4 g5 15.
b5 axb5 16. axb5 g4 17. Nh4 Bxh2+ 18. Kh1 Bc8 19. Nxe4 Nxe4 20. Bb4 g3 21. f4
Re8 22. Bd3 Qd8 23. Qh5 Qf6 24. Bxe4 Rxe4 25. bxc6 bxc6 26. Rxc6 Qxc6 27. Qg5+
Kh8 28. Bf8 1-0

[Event "CAN-op"]
[Site "Quebec CAN"]
[Date "2018.07.14"]
[Round "9.14"]
[White "Ouellet, Maili-Jade"]
[Black "Saine, Zachary"]
[Result "1-0"]
[WhiteElo "2197"]
[BlackElo "1899"]
[PlyCount "45"]
[EventDate "2018.07.07"]
[EventType "swiss"]
[EventRounds "9"]
[EventCountry "CAN"]

1. d4 d5 2. c4 e6 3. Nc3 c6 4. Nf3 dxc4 5. Bg5 Nf6 6. e4 b5 7. e5 h6 8. Bh4 g5
9. Nxg5 hxg5 10. Bxg5 Nbd7 11. g3 Bb7 12. Bg2 Qb6 13. exf6 Bh6 14. Bxh6 Rxh6
15. Qd2 Rg6 16. Ne4 Nxf6 17. Nd6+ Kf8 18. a4 a6 19. O-O Kg7 20. axb5 axb5 21.
Rxa8 Bxa8 22. Ra1 Qb8 23. Qf4 1-0

[Event "CAN-op"]
[Site "Quebec CAN"]
[Date "2018.07.14"]
[Round "9.15"]
[White "Drkulec, Vladimir"]
[Black "Drolet, Stephane"]
[Result "1-0"]
[WhiteElo "1794"]
[BlackElo "2052"]
[PlyCount "51"]
[EventDate "2018.07.07"]
[EventType "swiss"]
[EventRounds "9"]
[EventCountry "CAN"]

1. d4 Nf6 2. c4 Nc6 3. Nf3 e6 4. g3 Bb4+ 5. Bd2 Qe7 6. Bg2 O-O 7. O-O a5 8. Bg5
h6 9. Bf4 Bd6 10. Be3 b6 11. Nc3 Ba6 12. b3 Rab8 13. Nb5 Ng4 14. Bc1 e5 15. h3
Nf6 16. Nxd6 cxd6 17. d5 Na7 18. a4 Ne4 19. Nh4 Nc5 20. Nf5 Qf6 21. e4 Nc8 22.
g4 Ne7 23. Re1 Kh7 24. g5 Nxf5 25. gxf6 Nd4 26. Qh5 1-0

[Event "CAN-op"]
[Site "Quebec CAN"]
[Date "2018.07.14"]
[Round "9.16"]
[White "Doknjas, Neil"]
[Black "Manley, Jason"]
[Result "0-1"]
[WhiteElo "1883"]
[BlackElo "2051"]
[PlyCount "62"]
[EventDate "2018.07.07"]
[EventType "swiss"]
[EventRounds "9"]
[EventCountry "CAN"]

1. e4 e6 2. d4 d5 3. Nc3 Nf6 4. Bg5 dxe4 5. Nxe4 Be7 6. Bxf6 Bxf6 7. Nf3 Bd7 8.
Nxf6+ Qxf6 9. Ne5 O-O 10. Bd3 c5 11. Be4 Bc6 12. Bxc6 Nxc6 13. Nd7 Qg5 14. Nxf8
Qxg2 15. Rf1 Nxd4 16. Qd3 Nf3+ 17. Ke2 Nd4+ 18. Kd2 Rd8 19. Kc3 Qg4 20. Qxh7+
Kxf8 21. f4 Qg2 22. b3 f5 23. Qh8+ Kf7 24. Qh5+ Kg8 25. Rac1 Nxc2 26. Rfd1 Nd4
27. a4 Qa2 28. Rxd4 cxd4+ 29. Kc4 Rc8+ 30. Kd3 Qxb3+ 31. Kxd4 Rd8+ 0-1

[Event "CAN-op"]
[Site "Quebec CAN"]
[Date "2018.07.14"]
[Round "9.17"]
[White "Pare, Marc"]
[Black "Lehingrat, Callum"]
[Result "0-1"]
[WhiteElo "1984"]
[BlackElo "1853"]
[PlyCount "90"]
[EventDate "2018.07.07"]
[EventType "swiss"]
[EventRounds "9"]
[EventCountry "CAN"]

1. e4 c5 2. c3 Nf6 3. e5 Nd5 4. d4 cxd4 5. Qxd4 e6 6. Bc4 Nc6 7. Qe4 d6 8. Nf3
dxe5 9. Nxe5 Nf6 10. Nxc6 Nxe4 11. Nxd8 Kxd8 12. Bd3 Nf6 13. Nd2 b6 14. Ne4 Be7
15. Nxf6 Bxf6 16. Be4 Rb8 17. Bf4 e5 18. O-O-O+ Ke7 19. Bg3 Be6 20. b3 Bg5+ 21.
Kb2 f5 22. Bxe5 fxe4 23. Bxb8 Rxb8 24. Rhe1 Rf8 25. Re2 e3 26. f3 Rf5 27. Rf1
Bc8 28. g3 Ba6 29. c4 Bf6+ 30. Kc2 Bd4 31. Kd3 Bc5 32. b4 Bxb4 33. Rxe3+ Kf6
34. Re4 Bb7 35. Re2 Bxf3 36. Ref2 Bg4 37. Rxf5+ Bxf5+ 38. Kd4 Ke6 39. Rd1 Bc5+
40. Kc3 a5 41. Re1+ Kf6 42. Rf1 Ke5 43. Re1+ Be4 44. Rf1 Bb4+ 45. Kb3 Kd4 0-1